| 000 | 00648nam a22001695i 4500 | ||
|---|---|---|---|
| 001 | 54159 | ||
| 003 | ES-MaACL | ||
| 005 | 20230906162915.0 | ||
| 007 | t| | ||
| 008 | 960715s1853 po ||||1| por d | ||
| 040 |
_aCAM _bspa _cCAM |
||
| 100 | 1 |
_aFiganière, Frederico Francisco de la _cVisconde. _950735 |
|
| 245 | 1 | 0 |
_aCatalogo dos manuscriptos portuguezes existentes no Museu Britannico _b: em que tambem se dá noticia dos manuscriptos estrangeiros relativos á historia civil ... / _cpor Frederico Francisco de la Figanière. |
| 260 |
_aLisboa : _bImprensa Nacional, _c1853. |
||
| 300 |
_aXXVI, 415 p. ; _c21 cm. |
||
| 852 |
_aES-MaACL _jG-9153 |
||
| 999 |
_c54159 _d54159 |
||